Studi sul bilitterismo in Semitico e in Egiziano : 1. il tema verbale N1212 /

محفوظ في:

المؤلف الرئيسي: Conti, Giovanni, 1937-

التنسيق: كتاب

اللغة: Italian
Ancient Egyptian
Semitic

منشور في: Firenze : Istituto di Linguistica e di Lingue Orientali Universita di Firenze, 1980.

سلاسل: Quaderni di semitistica ; 9.

الموضوعات:

الوسوم: إضافة وسم

لا توجد وسوم, كن أول من يضع وسما على هذه التسجيلة!

رقم الطلب: PJ3031 .C650 v.1

LEADER 00884nam a22002537a 4500
003 OSt
005 20251110073921.0
008 251110t1980 it b 001 0 ita d
040 |c ARCE Library 
041 0 |a ita  |a egy  |a sem 
050 1 4 |a PJ3031  |b .C650 v.1 
100 1 |a Conti, Giovanni,  |d 1937- 
245 1 0 |a Studi sul bilitterismo in Semitico e in Egiziano :  |b 1. il tema verbale N1212 /  |c di Giovanni Conti. 
264 1 |a Firenze :  |b Istituto di Linguistica e di Lingue Orientali Universita di Firenze,   |c 1980. 
300 |a x, 141 pages ;  |c 24 cm. 
490 1 |a Quaderni di semitistica ;  |v 9. 
500 |a Indice dei vocaboli : p. [123]-141. 
504 |a Includes bibliographical references. 
650 0 |a Semitic languages  |x Morphology. 
650 0 |a Egyptian language  |x Morphology. 
830 0 |a Quaderni di semitistica ;  |v 9. 
901 |a reviewed 
942 |2 lcc  |c BK 
999 |c 56612  |d 56612